000 02978nam a2200541Ia 4500
001 4732
008 241029s9999 xx 000 0 und d
010 _a4472
041 _aEspañol
082 _aIntec CYH 0087
245 0 _aDiagnóstico sobre el papel de la gestión escolar en la mejora de la condición socio-ambiental de trabajo docente, en el Liceo San José de Los Frailes II, Santo Domingo Este, 2011.
260 _aSanto Domingo
300 _a71
520 _a50
630 _aCentros Educativos
630 _aDiagnóstico
630 _aGestión Escolar
650 _aGestión Educativa
690 _aSintetizado
700 _easesor
_aFlorentino , Basilio
700 _eautor
_aHernández , Wilfredo
901 _a{"1":"Hernández "}
_b{"1":"Wilfredo "}
902 _a1
903 _a{"1":"Florentino "}
_b{"1":"Basilio"}
904 _aMaestría en
905 _aGestión de Centros Educativos
906 _a2
907 _aNO APLICA
908 _aNO APLICA
909 _aInstituto Tecnológico de Santo Domingo (INTEC)
910 _aNULL
_bNULL
911 _a["1"]
912 _aNO APLICA
913 _aNULL
914 _a01 de Octubre de 2011
915 _a30/11/19 10:11
916 _aNULL
917 _aNULL
918 _aNO APLICA
919 _a["33","217","201"]
520 _aEn toda sociedad y contexto educativo, la gestión en estos momentos tiene como una de sus funciones principales, velar porque la condición socio ambiental en que los docentes trabajan, sea la más adecuada. Se trata de mantenerla en condición, de acuerdo a los estándares exigidos. Durante mucho tiempo la condición socio-ambiental de trabajo docente, no han sido tomada en cuenta, en la importancia que en realidad tiene para asegurar la calidad educativa. Este contexto justifica la presente investigación, que tuvo como objetivo principal, la descripción de las características demográficas, económicas y socioculturales de los docentes y directores de la población objeto estudio. Se llevó a cabo una observación directa de la condición socio-ambiental, en la que trabajan los docentes del Liceo San José. Se indagó sobre la percepción que tienen directivos y docentes de la condición socio ambiental de trabajo docente de dicho Centro.La metodología seguida en esta investigación, fue de enfoque cuantitativo. Es un tipo de investigación descriptiva y las técnicas usadas fueron la observación y la encuesta. Los resultados se presentaron de una estadística descriptiva que contiene medias, tablas y gráficos, entre otros.  Los resultados indicaron según la medida global de las respuestas de los encuestados, que una mayoría considerable de la población objeto de estudio, está en desacuerdo con la condición socio-ambiental en que laboran los docentes en el Liceo San José.  
921 _a12
922 _a12
923 _a0
924 _aNO APLICA
942 _cTesis
999 _c4472
_d4472